000 00334nam a22001217a 4500
999 _c65230
_d65227
020 _a1 86064219 5
082 _a297.91
100 _aHenri and Anne Stierlin
245 _aSplendours of an Islamic world
260 _aUK
_bTauris Parke Book an imprint of I.B. Tauris and Co. ltd Victoria House
_c1997
300 _a219 p.
942 _cBK